Using small business computers / (Record no. 6129)

MARC details
000 -LEADER
fixed length control field 00671pam a2200169 a 4500
020 ## - INTERNATIONAL STANDARD BOOK NUMBER
ISBN 0139401563
050 00 - CALL NUMBER
Classification number HF5548.2
Item number .D587
100 1# - AUTHOR
Personal name Dologite, D. G.
245 10 - TITLE
Title Using small business computers /
Statement of responsibility, etc D.G. Dologite.
260 ## - PUBLICATION INFORMATION
Place of publication Englewood Cliffs, N.J. :
Name of publisher Prentice-Hall,
Year of publication c1984.
300 ## - DESCRIPTION
Number of Pages xiii, 433 p. :
Other physical details ill. ;
Dimensions 25 cm.
500 ## - NOTES
General note Includes index
505 ## - FORMATTED CONTENTS NOTE
Table of Content I. Understanding small business computers <br/>II. Using professional support applications <br/>III. Using accounting applications <br/>IV. Using data communications <br/>V. Creating custom applications
650 #0 - SUBJECTS
Topical Term Business
General subdivision Data processing.
650 #0 - SUBJECTS
Topical Term Microcomputers
General subdivision Programming.
942 ## - ADDED ENTRY ELEMENTS (KOHA)
Koha item type Books
Holdings
Withdrawn status Lost status Collection code Home library Current library Shelving location Date acquired Source of acquisition Full call number Accession Number Koha item type
    Reference Methodist University Library Main Methodist University Library Main General Stacks 09/09/2011 Donation HF5548.2 .D587 14722 Books
Copyright © 2026  MUG Library